Előadások a filozófia történetéről 1. köt.
Elmentve itt :
| Szerző: | |
|---|---|
| További közreműködők: | |
| Adatforrás: | Philobibl |
| Dokumentumtípus: | Kötet |
| Nyelv: | magyar |
| Kulcsszavak: | klasszikus német filozófia filozófiatörténet |
| Megjelent: |
1958
|
| LEADER | 00474nad a2200157 cc4500 | ||
|---|---|---|---|
| 001 | bibDOK00008870aa | ||
| 005 | 20200924120438.7 | ||
| 008 | 060518s1958 hu hun | ||
| 100 | 1 | |a Hegel, G. W. F. | |
| 245 | 1 | 0 | |a Előadások a filozófia történetéről |n 1. köt. |c Hegel, G. W. F. ; [ford., utószó: Szemere Samu] |
| 260 | |c 1958 | ||
| 300 | |a 348 p. | ||
| 695 | |a klasszikus német filozófia | ||
| 695 | |a filozófiatörténet | ||
| 700 | 1 | |a Szemere Samu | |
| 773 | 0 | |w bibDOK00008870 | |